[Event "Spring op"]
[Site "Budapest"]
[Date "1995.??.??"]
[Round "?"]
[White "Horkai, Andras"]
[Black "Papp, Zsolt"]
[Result "0-1"]
[WhiteElo "2245"]
[BlackElo "2110"]

1.d4 Nf6 2.c4 e6 3.Nc3 Bb4 4.Nf3 d5 5.e3 O-O 6.Bd3 b6 7.O-O Bb7 8.a3 Bd6
9.b4 dxc4 10.Bxc4 Nbd7 11.Re1 e5 12.Nb5 e4 13.Nh4 g6 14.Nxd6 cxd6 15.g3 Rc8
16.Bb3 Ba6 17.Bd2 Bc4 18.a4 a6 19.Bxc4 Rxc4 20.Qb3 d5 21.Rec1 Qc7 22.Ng2 g5
23.Ne1 h5 24.b5 a5 25.Qa3 h4 26.Rab1 Kg7 27.Rc3 hxg3 28.hxg3 Rh8 29.Rbc1 Qc8
30.Rxc4 dxc4 31.f3 Rh3 32.Qd6 Qh8 33.g4 exf3 34.Nxf3 Rh1+  0-1

[Event "Budapest FS07 IM-B"]
[Site "Budapest"]
[Date "1995.??.??"]
[Round "?"]
[White "Fraschini, Mariano"]
[Black "Arnold, Ferenc"]
[Result "1/2-1/2"]
[WhiteElo "2360"]
[BlackElo "2355"]

1.d4 Nf6 2.c4 e6 3.Nc3 Bb4 4.Nf3 b6 5.Qb3 Qe7 6.Bg5 Bxc3+ 7.Qxc3 Ne4 8.Bxe7 Nxc3
9.Ba3 Ne4 10.Nd2 Nxd2 11.Kxd2 Bb7 12.f3 d6 13.b4 Nd7 14.e3 O-O 15.Bd3 Rfd8
16.Rhc1 c5 17.Rab1 Rac8 18.Ke2 g6 19.Rb3 Rc7 20.Bb2 cxb4 21.Rxb4 Rdc8 22.Kd2 Nb8
23.Ba3 Nc6 24.Rb2 Rd8 25.Ke2 Ba6 26.Rcc2 e5 27.d5 Na5 28.e4 f6 29.Rc3 Bc8
30.Bb4  1/2-1/2

[Event "Budapest FS06 IM"]
[Site "Budapest"]
[Date "1995.??.??"]
[Round "2"]
[White "Navarovszky, Laszlo"]
[Black "Cao Sang"]
[Result "1/2-1/2"]
[WhiteElo "2295"]
[BlackElo "2300"]

1.d4 Nf6 2.c4 e6 3.Nc3 Bb4 4.Nf3 b6 5.e3 Bb7 6.Bd3 O-O 7.O-O d5 8.cxd5 exd5
9.Ne2 Nbd7 10.Ng3 Ne4 11.a3 Be7 12.b4 f5 13.Bb2 Bd6 14.Ne5 Qe7 15.f4 g6 16.Rc1 Nxg3
17.hxg3 Nf6 18.Qb3 Kg7 19.Be2 Ne4 20.Bf3 Nxg3 21.Rfe1 Qh4 22.Qa4 Rfe8 23.b5 g5
24.Qb3 Rac8 25.fxg5 Qxg5 26.Qa4 Ra8 27.Qb3 Qh4 28.Bc3 a5 29.bxa6 Rxa6 30.Bb4 Re7
31.Bxd6 cxd6 32.Nd3 Ra8 33.Nf4 Rae8 34.Qxb6 Rxe3 35.Rxe3 Rxe3 36.Qxb7+ Re7
37.Qxe7+  1/2-1/2

[Event "Budapest FS05 GM"]
[Site "Budapest"]
[Date "1995.??.??"]
[Round "3"]
[White "Rogozenko, Dorin"]
[Black "Enders, Peter"]
[Result "0-1"]
[WhiteElo "2440"]
[BlackElo "2480"]

1.d4 Nf6 2.c4 e6 3.Nc3 Bb4 4.Nf3 b6 5.Bg5 Bb7 6.e3 Bxc3+ 7.bxc3 Qe7 8.Nd2 d6
9.Bh4 Nbd7 10.Be2 O-O 11.Bf3 Bxf3 12.Qxf3 h6 13.Qc6 Rfc8 14.f3 e5 15.e4 Nf8
16.Bf2 Ne6 17.g3 Qd7 18.Qxd7 Nxd7 19.Be3 c6 20.f4 exf4 21.gxf4 f5 22.exf5 Nc7
23.Rg1 Rf8 24.Rg6 Ne8 25.Ne4 d5 26.cxd5 cxd5 27.Ng3 Ndf6 28.O-O-O Kh7 29.Rg1 Rf7
30.Kc2 Rc8 31.Kd3 Rcc7 32.Bd2 Nd6 33.Rg2 Rcd7 34.Bc1 Nfe4 35.Nxe4 dxe4+ 36.Ke2 Nxf5
37.Rc6 Rxd4 38.cxd4 Nxd4+ 39.Ke3 Nxc6 40.Kxe4 Re7+ 41.Kd5 Nb4+ 42.Kd6 Rf7
43.Bb2 Nd3 44.Ke6 Kg8 45.Rd2 Nxb2 46.Rxb2 Rxf4 47.Rd2 Kh7 48.Ke5 Rh4 49.Ke6 b5
50.Rb2 a6 51.Rg2 Rh3 52.Kf7 Rf3+ 53.Ke6 g5 54.Ke5 Kg6 55.Ke4 Rf4+ 56.Ke5 Kh5
57.Rd2 Kh4 58.Rd6 h5 59.Rxa6 Rf2 60.Ra5 Rxh2 61.Kf6 g4 62.Kg6 Rb2 63.a4 g3  0-1

[Event "Budapest FS09 IM-B"]
[Site "Budapest"]
[Date "1995.??.??"]
[Round "6"]
[White "Navarovszky, Laszlo"]
[Black "Vonthron, Horst"]
[Result "0-1"]
[WhiteElo "2295"]
[BlackElo "2355"]

1.d4 Nf6 2.c4 e6 3.Nc3 Bb4 4.Nf3 c5 5.Bg5 h6 6.Bxf6 Qxf6 7.Rc1 cxd4 8.Nxd4 Nc6
9.Nb5 O-O 10.a3 a6 11.Nd6 Bxd6 12.Qxd6 b5 13.cxb5 axb5 14.e3 Ba6 15.b4 Bb7
16.Bxb5 Rxa3 17.Nb1 Ra2 18.O-O Ne5 19.Nc3 Qg5 20.e4 Nf3+ 21.Kh1 Rxf2 22.Rxf2 Qxc1+
23.Rf1 Qxc3 24.gxf3 Bc6 25.Bxc6 dxc6 26.Kg2 Ra8 27.Rf2 Qc4 28.Kg3 Rf8 29.Rd2 f5
30.Rd4 Qf1 31.Qxe6+ Kh7 32.Qd6 f4+  0-1

[Event "Budapest FS06 IM"]
[Site "Budapest"]
[Date "1995.??.??"]
[Round "8"]
[White "Navarovszky, Laszlo"]
[Black "Eperjesi, Laszlo"]
[Result "1/2-1/2"]
[WhiteElo "2295"]
[BlackElo "2350"]

1.d4 Nf6 2.c4 e6 3.Nc3 Bb4 4.Nf3 b6 5.e3 Bb7 6.Bd3 Ne4 7.O-O Bxc3 8.bxc3 Nxc3
9.Qc2 Bxf3 10.gxf3 Qg5+ 11.Kh1 Qh5  1/2-1/2

[Event "Budapest FS09 IM-A"]
[Site "Budapest"]
[Date "1995.??.??"]
[Round "11"]
[White "Held, Markus"]
[Black "Cerneanu, Norbert"]
[Result "1/2-1/2"]
[WhiteElo "2210"]
[BlackElo "2270"]

1.c4 Nf6 2.Nc3 e6 3.Nf3 Bb4 4.d4 b6 5.Bg5 Bb7 6.e3 h6 7.Bh4 g5 8.Bg3 Ne4
9.Qc2 Bxc3+ 10.bxc3 d6  1/2-1/2

[Event "Bytom op"]
[Site "Bytom"]
[Date "1995.??.??"]
[Round "?"]
[White "Mossakowski, Florian"]
[Black "Sladkowski, Stanislaw"]
[Result "0-1"]
[WhiteElo "2220"]
[BlackElo "2215"]

1.d4 Nf6 2.c4 e6 3.Nc3 Bb4 4.Nf3 b6 5.e3 Ne4 6.Qc2 Bb7 7.Be2 O-O 8.O-O Bxc3
9.bxc3 f5 10.Bb2 d6 11.Rad1 Nd7 12.Qb3 Qe7 13.Ba3 b5 14.Bc1 e5 15.d5 g5 16.Qc2 g4
17.Nd2 Nxd2 18.Bxd2 e4 19.f3 exf3 20.gxf3 f4 21.e4 Ne5 22.Kh1 Qh4 23.fxg4 f3
24.Bd3 Nxg4 25.Bg5 Qxg5 26.Rg1 h5 27.h3 Qh4 28.Qh2 Bc8 29.hxg4 Qxh2+ 30.Kxh2 hxg4
31.Rdf1 Kg7 32.Kg3 Bd7 33.Rh1 Rh8 34.a3 Kf6 35.Re1 Ke5 36.Ref1 Raf8 37.Rb1 Kf6
38.Rbe1 Re8 39.Ref1 Kg5 40.Re1 Ref8 41.Ref1 Be8 42.Re1 f2  0-1

[Event "Caceres"]
[Site "Caceres"]
[Date "1995.??.??"]
[Round "?"]
[White "Herraiz, Herminio"]
[Black "Rojo Huerta, Gabriel"]
[Result "1/2-1/2"]
[WhiteElo "2260"]
[BlackElo "2365"]

1.d4 Nf6 2.c4 e6 3.Nc3 Bb4 4.Nf3 d5 5.cxd5 exd5 6.Bg5 Nbd7 7.e3 c5 8.Bd3 Qa5
9.Qc2 O-O 10.O-O c4 11.Bf5 g6 12.Bxd7 Nxd7 13.e4 Bxc3 14.bxc3  1/2-1/2

[Event "Cannes Martinez"]
[Site "Cannes"]
[Date "1995.??.??"]
[Round "10"]
[White "Bezold, Michael"]
[Black "Collas, Didier"]
[Result "1-0"]
[WhiteElo "2495"]
[BlackElo "2335"]

1.d4 Nf6 2.c4 e6 3.Nc3 Bb4 4.Nf3 c5 5.g3 cxd4 6.Nxd4 Nc6 7.Bg2 O-O 8.O-O a6
9.Nb3 b6 10.Be3 Rb8 11.Bf4 e5 12.Bg5 Bxc3 13.bxc3 h6 14.Bc1 Qe7 15.a4 Qe6
16.Ba3 Re8 17.Bd6 Rb7 18.Bd5 Qh3 19.Bg2 Qe6 20.Bd5 Qh3 21.f3 e4 22.e3 Nxd5
23.cxd5 Ne5 24.fxe4 Ng4 25.Qe2 Rxe4 26.Rf4 f5 27.Rxf5 Nf6 28.Raf1 Ra7 29.Qf3 Bb7
30.Rxf6 Bxd5 31.Rf8+ Kh7 32.c4 Rf4 33.Qe2 Qxf1+ 34.Qxf1 Rxf1+ 35.Rxf1 Bxc4
36.Rb1 b5 37.a5 Ra8 38.Nc5 Rc8 39.e4 Kg6 40.Kf2  1-0

[Event "Cappelle op"]
[Site "Cappelle la Grande"]
[Date "1995.??.??"]
[Round "2"]
[White "Atalik, Suat"]
[Black "Pieniazek, Andrzej"]
[Result "1/2-1/2"]
[WhiteElo "2500"]
[BlackElo "2205"]

1.d4 Nf6 2.c4 e6 3.Nc3 Bb4 4.Nf3 c5 5.g3 cxd4 6.Nxd4 O-O 7.Bg2 d5 8.cxd5 Nxd5
9.Qb3 Qb6 10.Bxd5 exd5 11.Be3 Bh3 12.Rc1 Rd8 13.a3 Ba5 14.Qxb6 Bxb6 15.Rg1 h5
16.Rd1 Nc6 17.Nxc6 bxc6 18.Bxb6 axb6 19.f3 Be6 20.e3 c5 21.Rg2 Ra7 22.Rgd2 Rad7
23.Ne2 f6 24.b4 Ra8 25.Nf4 Rxa3 26.bxc5 bxc5 27.Nxe6 Rxe3+ 28.Re2 Rxe2+ 29.Kxe2 Re7
30.Rxd5 Rxe6+  1/2-1/2

[Event "Cappelle op"]
[Site "Cappelle la Grande"]
[Date "1995.??.??"]
[Round "2"]
[White "Sideif Sade, Fikret I"]
[Black "Guedon, Stephanne"]
[Result "1-0"]
[WhiteElo "2415"]
[BlackElo "2245"]

1.d4 Nf6 2.c4 e6 3.Nf3 Bb4+ 4.Nc3 b6 5.Bg5 Bb7 6.e3 h6 7.Bh4 Bxc3+ 8.bxc3 d6
9.Bd3 Nbd7 10.O-O Qe7 11.Nd2 g5 12.Bg3 h5 13.h4 Rg8 14.f3 O-O-O 15.hxg5 Rxg5
16.Bh4 Rg7 17.Rf2 Rdg8 18.Qa4 e5 19.Bf5 Kb8 20.e4 Nf8 21.Bxf6  1-0

[Event "Cappelle op"]
[Site "Cappelle la Grande"]
[Date "1995.??.??"]
[Round "3"]
[White "Mancini, Mario"]
[Black "Pushkov, Nikolai"]
[Result "1/2-1/2"]
[WhiteElo "2215"]
[BlackElo "2505"]

1.d4 Nf6 2.c4 e6 3.Nc3 Bb4 4.Nf3 c5 5.g3 O-O 6.Bg2 d5 7.cxd5 Nxd5 8.Bd2 cxd4
9.Nxd4 Nxc3 10.bxc3 Bc5 11.Nb3 Bb6 12.c4 Qe7 13.Qc2 Nc6 14.c5 Bc7 15.O-O e5
16.e3 Be6 17.Rfc1 Rad8 18.Be1 f5 19.Rd1 f4 20.exf4 exf4 21.Rxd8 Qxd8 22.Rd1 Qf6
23.Bc3 Be5 24.Bxe5 Qxe5 25.Qe4 Bg4 26.Qd5+ Kh8 27.Qxe5 Nxe5 28.Rd4 fxg3 29.fxg3 Nf3+
30.Bxf3 Bxf3 31.Kf2 g5 32.Ke3 Bc6 33.Na5 Rf3+ 34.Ke2 Ra3 35.Nxc6 Rxa2+ 36.Kf3 bxc6
37.Rd6 Rxh2 38.Rxc6 h5 39.Ke4 Kg7 40.Kf5 h4 41.gxh4 gxh4 42.Rc7+ Kh6 43.Rxa7 Rc2
44.Kg4  1/2-1/2

[Event "Cappelle op"]
[Site "Cappelle la Grande"]
[Date "1995.??.??"]
[Round "4"]
[White "Czebe, Attila"]
[Black "Razuvaev, Yuri S"]
[Result "0-1"]
[WhiteElo "2430"]
[BlackElo "2580"]

1.d4 Nf6 2.c4 e6 3.Nc3 Bb4 4.Nf3 b6 5.g3 Bb7 6.Bg2 Bxc3+ 7.bxc3 Be4 8.O-O O-O
9.Qa4 d6 10.Rd1 Qe8 11.Qxe8 Rxe8 12.Bh3 Bb7 13.Nd2 e5 14.Re1 Nc6 15.Bg2 Na5
16.Bxb7 Nxb7 17.e4 Na5 18.f3 Nd7 19.Ba3 c5 20.f4 f6 21.Kf2 Kf7 22.Ke3 a6
23.Kd3 b5 24.fxe5 dxe5 25.d5 Nb7 26.Reb1 Nd6 27.Bc1 Nb6 28.a4 Nxa4 29.cxb5 axb5
30.c4 b4 31.Nb3 f5 32.Rxa4 fxe4+ 33.Ke3 Nxc4+ 34.Kxe4 Nd6+ 35.Ke3 Rxa4 36.Nxc5 Ra5  0-1

[Event "Celle Ligure op"]
[Site "Celle Ligure"]
[Date "1995.??.??"]
[Round "?"]
[White "Ortega, Lexy"]
[Black "Mazzotti, Carlo"]
[Result "1-0"]
[WhiteElo "2435"]
[BlackElo "1920"]

1.d4 e6 2.Nf3 Nf6 3.c4 Bb4+ 4.Nc3 b6 5.Qb3 c5 6.dxc5 Bxc5 7.Bf4 Bb7 8.e3 Qe7
9.a3 O-O 10.Be2 d5 11.O-O Nbd7 12.Rfd1 dxc4 13.Bxc4 Ne4 14.Nxe4 Bxe4 15.Qa4 Nf6
16.b4 Bxf3 17.gxf3 e5 18.Bg5 Bd6 19.Rd2 h6 20.Bh4 g5 21.Bg3 Rac8 22.Qb3 Rfd8
23.Rad1 Bc7 24.Rxd8+ Rxd8 25.Rxd8+ Bxd8 26.Qd3 Bc7 27.Qg6+ Kf8 28.Qxh6+ Ke8
29.Bb5+ Kd8 30.Qh8+ Ne8 31.h4 a6 32.Bxa6 gxh4 33.Bxh4 f6 34.Bb5 Bd6 35.Kf1 Qf8
36.Qxf8 Bxf8 37.Bxe8 Kxe8 38.Bxf6 Bd6 39.b5 Kf7 40.Bd8 Bc5 41.Ke2 Ke6 42.a4 Kd7
43.Bg5 Ke6 44.Kd3 Kd5 45.e4+  1-0

[Event "Ceske Budejovice op"]
[Site "Ceske Budejovice"]
[Date "1995.??.??"]
[Round "6"]
[White "Jurka, Miroslav"]
[Black "Lechtynsky, Jiri"]
[Result "1/2-1/2"]
[WhiteElo "2335"]
[BlackElo "2435"]

1.Nf3 Nf6 2.c4 e6 3.Nc3 Bb4 4.d4 c5 5.e3 O-O 6.Bd3 d5 7.O-O dxc4 8.Bxc4 Nc6
9.a3 Ba5 10.Ne2 Bb6 11.dxc5 Qxd1 12.Rxd1 Bxc5 13.b4 Be7 14.Bb2 Bd7 15.Rac1 Rfd8
16.Ned4 Nxd4 17.Nxd4 a6 18.Bb3 Rac8 19.Rxc8 Bxc8 20.Nf3 Rxd1+ 21.Bxd1  1/2-1/2

[Event "Copenhagen op17"]
[Site "Copenhagen"]
[Date "1995.??.??"]
[Round "1"]
[White "Moskalenko, Viktor"]
[Black "Pioch, Thomas"]
[Result "1-0"]
[WhiteElo "2525"]
[BlackElo "2220"]

1.d4 Nf6 2.c4 e6 3.Nc3 Bb4 4.Nf3 c5 5.e3 O-O 6.Be2 Bxc3+ 7.bxc3 d6 8.O-O Nc6
9.Qc2 b6 10.e4 e5 11.dxc5 dxc5 12.Bg5 Qe7 13.Rfd1 h6 14.Bh4 Bg4 15.Ne1 Be6
16.Qa4 Rfc8 17.Bxf6 Qxf6 18.Nc2 Na5 19.Ne3 Qf4 20.Qc2 Rd8 21.g3 Qg5 22.h4 Qe7
23.Re1 Rd6 24.Bf1 Rad8 25.Nd5 Qb7 26.Re3 Kh8 27.Rae1 Qd7 28.Kh2 f5 29.Rf3 fxe4
30.Qxe4 Rxd5 31.cxd5 Bxd5 32.Qe2 Bxf3 33.Qxf3 Qe6 34.Qe2 Re8 35.Kg1 Qf7 36.Bg2 Nc4
37.Rd1 Na5 38.Be4 Qe6 39.Qh5 Rf8 40.Rd2 Qf6 41.Qe2 Qe6 42.Rd5 Nc6 43.Qd2 Qg4
44.Qd3 Qc8 45.Rd7 Nb8 46.Rxa7 Qe6 47.Kg2 Qf6 48.Qf3 Qd8 49.Qg4 Qf6 50.Kh3 Rd8
51.h5 Rd2 52.f3 Kg8 53.a4 Rd6 54.Rc7 Rd8 55.c4 Rf8 56.Ra7 Kh8 57.Rb7 Rd8
58.Qg6 Qxg6 59.hxg6 Nd7 60.Bf5 Nf6 61.Rxb6  1-0

[Event "DEN-ch qual"]
[Site "Copenhagen"]
[Date "1995.??.??"]
[Round "4"]
[White "Nielsen, Carsten"]
[Black "Nilsson, Nils Specht"]
[Result "0-1"]
[WhiteElo "2015"]
[BlackElo "2255"]

1.d4 e6 2.c4 Nf6 3.Nc3 Bb4 4.Nf3 O-O 5.g3 d5 6.Bg2 Nc6 7.cxd5 exd5 8.O-O Re8
9.a3 Bxc3 10.bxc3 Ne4 11.Bd2 Na5 12.Ne5 Nxd2 13.Qxd2 Nb3 14.Qa2 Nxa1 15.Bxd5 Be6
16.Bxe6 Rxe6 17.Rxa1 Qe8 18.e3 c5 19.Rb1 cxd4 20.cxd4 b6 21.Qe2 Rc8 22.Qd3 f6
23.Nf3 Rec6 24.Rb3 Rc1+ 25.Kg2 Qc6 26.Qf5 g6 27.Qf4 Rd1 28.Rb4 Re8 29.h4 Ra1
30.d5 Qxd5 31.Rd4 Qb5 32.g4 Qf1+ 33.Kg3 Ra2 34.Nd2 Qg1+ 35.Kh3 Ra1 36.Ne4 Qh1+  0-1

[Event "Copenhagen op17"]
[Site "Copenhagen"]
[Date "1995.??.??"]
[Round "5"]
[White "Moskalenko, Viktor"]
[Black "Lyrberg, Patrik"]
[Result "1/2-1/2"]
[WhiteElo "2525"]
[BlackElo "2415"]

1.d4 Nf6 2.c4 e6 3.Nc3 Bb4 4.Nf3 O-O 5.Bg5 c5 6.d5 h6 7.Bh4 b5 8.e3 Bb7 9.dxe6 fxe6
10.cxb5 Qa5 11.Bxf6 Rxf6 12.Qd2 a6 13.bxa6 Nxa6 14.Be2 d5 15.O-O c4 16.a3 Bxc3
17.Qxc3 Nc5 18.Qxa5 Rxa5 19.Rfc1 Rf8 20.Ne5 Rb8 21.Nxc4 dxc4 22.Bxc4 Na6
23.b3 Rf8 24.Bxa6 Rxa6 25.Rc7 Rf7 26.Rxf7 Kxf7 27.Kf1 Ke7 28.Ke2 Kd7 29.Kd3 Rd6+
30.Kc3 Ke7  1/2-1/2

[Event "Copenhagen BSF"]
[Site "Copenhagen"]
[Date "1995.??.??"]
[Round "7"]
[White "Nielsen, Peter Heine"]
[Black "Emms, John M"]
[Result "0-1"]
[WhiteElo "2500"]
[BlackElo "2500"]

1.d4 Nf6 2.c4 e6 3.Nc3 Bb4 4.Nf3 c5 5.g3 cxd4 6.Nxd4 O-O 7.Bg2 d5 8.cxd5 Nxd5
9.Qb3 Nc6 10.Nxc6 bxc6 11.O-O Qa5 12.Bd2 Bxc3 13.bxc3 Ba6 14.Rfd1 Rab8 15.c4 Qc5
16.cxd5 Rxb3 17.axb3 Bxe2 18.Rdc1 Qd6 19.Be3 cxd5 20.Bc5 Qb8 21.Bxf8 Kxf8
22.Rc2 Bb5 23.Rca2 a6 24.Bf1 Bxf1 25.Kxf1 Qxb3 26.Rxa6 g5 27.h3 Qf3 28.Kg1 h5
29.R6a4 Kg7 30.h4 gxh4 31.Rf4 Qc3 32.Ra7 hxg3 33.Raxf7+ Kg6 34.Kg2 gxf2 35.Rxf2 Qe5
36.R7f3 d4 37.Kh3 Kh6 38.Rf6+ Kg7 39.R6f3 Kg6 40.Rg3+ Kh7 41.Rf7+ Kh6 42.Rff3 Qh8
43.Rf7 e5 44.Rgf3 Qd8 45.R7f6+ Kg7 46.Rf7+ Kg6 47.Rf8 Qd7+ 48.Kg2 d3 49.Rg3+ Kh7
50.Kh2  0-1

[Event "Copenhagen BSF"]
[Site "Copenhagen"]
[Date "1995.??.??"]
[Round "9"]
[White "Nielsen, Peter Heine"]
[Black "Pinter, Jozsef"]
[Result "1/2-1/2"]
[WhiteElo "2500"]
[BlackElo "2555"]

1.d4 Nf6 2.c4 e6 3.Nc3 Bb4 4.Nf3 c5 5.g3 O-O 6.Bg2 cxd4 7.Nxd4 d5 8.cxd5 Nxd5
9.Qb3 Qb6 10.Bxd5 exd5 11.Be3 Nc6 12.Nxc6 Qxc6 13.Qxb4 d4 14.f3 dxe3  1/2-1/2

[Event "Coria op"]
[Site "Coria"]
[Date "1995.??.??"]
[Round "2"]
[White "Pena, M."]
[Black "Adla, Diego"]
[Result "0-1"]
[WhiteElo "2020"]
[BlackElo "2435"]

1.d4 Nf6 2.c4 e6 3.Nc3 Bb4 4.Nf3 c5 5.g3 cxd4 6.Nxd4 Ne4 7.Qd3 Bxc3+ 8.bxc3 Nc5
9.Qc2 O-O 10.Bg2 d6 11.O-O Nbd7 12.Rd1 Nb6 13.Ba3 Qe7 14.Nb5 Nxc4 15.Bxc5 dxc5
16.Qb3 Ne5 17.Rd2 a5 18.a4 Rb8 19.Rad1 b6 20.Nd6 Ba6 21.f4 c4 22.Qc2 Nd3
23.Ne4 f5 24.exd3 cxd3 25.Qb3 fxe4 26.Bxe4 Qc5+ 27.Kg2 Bc4 28.Qb1 b5 29.Bxd3 bxa4
30.Bxh7+ Kh8 31.Qg6 a3 32.Rd7 Rb2+ 33.Kh3 Qf5+ 34.g4 Qxg6 35.Bxg6 a2 36.Rd8 Kg8
37.R8d4 Bb3 38.Kh4 Bxd1 39.Rxd1 Rd2 40.Ra1 Rxf4 41.h3  0-1

[Event "Decin op"]
[Site "Decin"]
[Date "1995.??.??"]
[Round "3"]
[White "Priehoda, Vitezslav"]
[Black "Jigjidsuren, Purev"]
[Result "1-0"]
[WhiteElo "2365"]
[BlackElo "2295"]

1.d4 Nf6 2.c4 e6 3.Nc3 Bb4 4.Nf3 c5 5.g3 O-O 6.Bg2 cxd4 7.Nxd4 a6 8.O-O Qc7
9.Na4 Be7 10.Qb3 Nc6 11.Nxc6 bxc6 12.e4 Rb8 13.Qc3 d6 14.c5 Nd7 15.Bf4 e5
16.cxd6 Bxd6 17.Be3 Nf6 18.Rac1 Bb7 19.Rfd1 Rfe8 20.Ba7 Ra8 21.Bb6 Qe7 22.f3 Nd7
23.Ba5 Nf8 24.Qd2 Bb8 25.Bh3 Ba7+ 26.Kg2 Bd4 27.Qb4 Qxb4 28.Bxb4 Ne6 29.Bxe6 Rxe6
30.Bc5 Bxc5 31.Nxc5 Re7 32.b3 h6 33.Rd6 a5 34.Kf2 Rc7 35.Nxb7 Rxb7 36.Rdxc6 a4
37.Rc8+ Rxc8 38.Rxc8+ Kh7 39.Rc3 axb3 40.axb3 Ra7 41.Rc2 Rb7 42.Rb2 Kg6 43.b4 Kf6
44.Ke3 Ke6 45.Kd3 Kd6 46.Kc4 Kc6 47.Ra2 Kb6 48.Ra5 Rc7+ 49.Rc5 Re7 50.Kd5 f6
51.Kd6 Ra7 52.Ra5 Rf7 53.f4 exf4 54.gxf4 g5 55.Rf5 gxf4 56.e5  1-0

[Event "FIN-ch"]
[Site "FIN"]
[Date "1995.??.??"]
[Round "?"]
[White "Tella, Jussi"]
[Black "Pulkkinen, Kari"]
[Result "0-1"]
[WhiteElo "2240"]
[BlackElo "2365"]

1.d4 Nf6 2.c4 e6 3.Nf3 Bb4+ 4.Nc3 c5 5.g3 cxd4 6.Nxd4 Nc6 7.Bg2 O-O 8.O-O a6
9.Nc2 Be7 10.b3 d6 11.a4 Qc7 12.e4 b6 13.Be3 Bb7 14.Rc1 Ne5 15.Qe2 Rfe8 16.Rfd1 Rac8
17.Kh1 Ned7 18.f3 d5 19.exd5 exd5 20.Nxd5 Nxd5 21.cxd5 Ba3 22.d6 Qc3 23.Bh3 Bxc1
24.Bxd7 Qxc2 25.Qxc2 Rxc2  0-1

[Event "Gausdal Masters"]
[Site "Gausdal"]
[Date "1995.??.??"]
[Round "?"]
[White "Nielsen, Peter Heine"]
[Black "Gausel, Einar"]
[Result "1/2-1/2"]
[WhiteElo "2500"]
[BlackElo "2490"]

1.d4 Nf6 2.c4 e6 3.Nc3 Bb4 4.Nf3 O-O 5.Bg5 c5 6.e3 Bxc3+ 7.bxc3 d6 8.Bd3 Nbd7
9.Qc2 Qc7 10.O-O b6 11.Nd2 Bb7 12.Rfe1 Rfe8 13.Bh4 h6 14.f3 Rac8 15.Rac1 Ba6
16.Qa4 Bb7 17.Qa3 Ra8 18.Qb3 Ba6 19.Bg3 Nf8 20.e4 e5 21.d5 Nh5 22.Bf2 Nf4
23.Bf1 Bc8 24.Be3  1/2-1/2

[Event "BL2-O9495"]
[Site "Germany"]
[Date "1995.??.??"]
[Round "?"]
[White "Kurz, Alexander"]
[Black "Winterfeld, Dirk"]
[Result "1-0"]
[WhiteElo "2315"]
[BlackElo "2215"]

1.d4 Nf6 2.c4 e6 3.Nc3 Bb4 4.Nf3 c5 5.g3 cxd4 6.Nxd4 O-O 7.Bg2 d5 8.O-O Bxc3
9.bxc3 e5 10.Nc2 dxc4 11.Ba3 Re8 12.Ne3 Qa5 13.Nxc4 Qxc3 14.Rc1 Qd4 15.Nd6 Nc6
16.Nxe8 Nxe8 17.Bxc6 bxc6 18.Qxd4 exd4 19.Rxc6 Be6 20.Rc2 Nf6 21.Rd1 d3 22.exd3 Nd5
23.Re1 h6 24.Re5 Rd8 25.f4 g6 26.Rc6 Nb6 27.Rd6 Rb8 28.Rdxe6 fxe6 29.Rxe6 Kf7
30.Re7+ Kf6 31.Rxa7 Nd5 32.Kf2 Rb1 33.Bd6 g5 34.Ra5 Nc3 35.Be5+  1-0

[Event "Bundesliga 9495"]
[Site "Germany"]
[Date "1995.??.??"]
[Round "?"]
[White "Hoffmann, Michael"]
[Black "Christiansen, Larry Mark"]
[Result "0-1"]
[WhiteElo "2470"]
[BlackElo "2575"]

1.d4 Nf6 2.c4 e6 3.Nc3 Bb4 4.Nf3 c5 5.g3 cxd4 6.Nxd4 O-O 7.Bg2 d5 8.O-O dxc4
9.Nc2 Bxc3 10.bxc3 Qc7 11.Rb1 Nc6 12.Na3 Rd8 13.Qc2 h6 14.Nb5 Qa5 15.Bf4 e5
16.Be3 Nd5  0-1

[Event "Bundesliga 9495"]
[Site "Germany"]
[Date "1995.??.??"]
[Round "?"]
[White "Hoffmann, Michael"]
[Black "Lobron, Eric"]
[Result "0-1"]
[WhiteElo "2475"]
[BlackElo "2575"]

1.d4 Nf6 2.c4 e6 3.Nc3 Bb4 4.Nf3 c5 5.g3 O-O 6.Bg2 cxd4 7.Nxd4 d5 8.O-O dxc4
9.Nc2 Na6 10.Qxd8 Rxd8 11.Bg5 Bxc3 12.bxc3 Nc5 13.Ne3 h6 14.Bxf6 gxf6 15.Nxc4 Bd7
16.Rab1 Rab8 17.Rfd1 b6 18.Rd6 Kf8 19.Ne3 Be8 20.Rd4 f5 21.Kf1 Na4 22.Rbd1 Ke7
23.c4 Nc3 24.Rxd8 Rxd8 25.Rc1 Nxa2 26.Ra1 Rd2 27.Ke1 Rb2 28.g4 a5 29.gxf5 Nc3
30.Bf3 a4 31.Ra3 Rb3 32.Rxb3 axb3 33.Nd1 Nxd1 34.Kxd1 Ba4 35.Be4 exf5 36.Bxf5 b2+
37.Kd2 Bb3 38.Kc3 Ba2 39.Kxb2 Bxc4 40.e3 Kf6 41.Bc2 Kg5 42.Kc3 Ba2 43.Kb4 Kg4
44.f4 Kf3 45.Kb5 Kxe3 46.f5 f6 47.Kxb6 Bd5 48.Kc5 Be4 49.Ba4 Bxf5 50.Kd6 Bd3  0-1

[Event "Graz op"]
[Site "Graz"]
[Date "1995.??.??"]
[Round "6"]
[White "Postl, Anton"]
[Black "Stanec, Nikolaus"]
[Result "0-1"]
[WhiteElo "2315"]
[BlackElo "2480"]

1.d4 Nf6 2.c4 e6 3.Nc3 Bb4 4.Nf3 b6 5.e3 Bb7 6.Bd3 O-O 7.O-O Bxc3 8.bxc3 c5
9.Nd2 d5 10.cxd5 exd5 11.Re1 Nbd7 12.f3 Ne8 13.e4 dxe4 14.Nxe4 Bxe4 15.fxe4 Nc7
16.e5 cxd4 17.cxd4 Ne6 18.Re4 Rc8 19.Qh5 g6 20.Qh6 Nxe5 21.Rh4 Qxh4 22.Qxh4 Nxd3
23.Bh6 Rfd8 24.Rf1 Rc7 25.Rf6 Rxd4 26.Qh3 Ndf4 27.Bxf4 Rd1+ 28.Kf2 Rc2+ 29.Kg3 Rd3+
30.Be3 Rxe3+ 31.Rf3 Ree2  0-1

[Event "Groningen op"]
[Site "Groningen"]
[Date "1995.??.??"]
[Round "?"]
[White "Lanchava, Tea"]
[Black "Belotelov, Dimitri"]
[Result "1-0"]
[WhiteElo "2200"]
[BlackElo "2325"]

1.d4 Nf6 2.c4 e6 3.Nc3 Bb4 4.Nf3 c5 5.g3 Bxc3+ 6.bxc3 Qa5 7.Qd3 b6 8.Bg2 Bb7
9.d5 Na6 10.Bg5 O-O-O 11.Nd2 d6 12.a4 Nc7 13.O-O exd5 14.Bxf6 gxf6 15.cxd5 c4
16.Nxc4 Qc5 17.Ne3  1-0

[Event "Haifa"]
[Site "Haifa"]
[Date "1995.??.??"]
[Round "6"]
[White "Alterman, Boris"]
[Black "Gruenfeld, Yehuda"]
[Result "1-0"]
[WhiteElo "2575"]
[BlackElo "2505"]

1.d4 Nf6 2.c4 e6 3.Nc3 Bb4 4.Nf3 c5 5.g3 cxd4 6.Nxd4 Ne4 7.Qd3 Qa5 8.Nb3 Nxc3
9.Bd2 Ne4 10.Qxe4 Bxd2+ 11.Nxd2 O-O 12.Bg2 Nc6 13.Qe3 d5 14.O-O d4 15.Qd3 e5
16.a3 f5 17.b4 Qd8 18.Bd5+ Kh8 19.Nb3 Ne7 20.Bg2 f4 21.Nc5 Rb8 22.Rac1 Qe8
23.Qe4 Ng6 24.Qc2 Bf5 25.Ne4 Ne7 26.Nd6 Bxc2 27.Nxe8 d3 28.Nd6 Nf5 29.exd3 Bxd3
30.Rfd1 Be2 31.Rd5 Nxd6 32.Rxd6 b6 33.c5 bxc5 34.bxc5 g5 35.c6 g4 36.c7 Rbe8  1-0

[Event "Hajduboszormeny Knockout"]
[Site "Hajduboszormeny"]
[Date "1995.??.??"]
[Round "4"]
[White "Krutti, Valer"]
[Black "Felegyhazi, Laszlo"]
[Result "1-0"]
[WhiteElo "2355"]
[BlackElo "2360"]

1.d4 Nf6 2.c4 e6 3.Nc3 Bb4 4.Nf3 c5 5.g3 O-O 6.Bg2 d5 7.cxd5 Nxd5 8.Bd2 Nc6
9.Nxd5 Qxd5 10.Bxb4 cxb4 11.O-O Qd6 12.Qd3 h6 13.Rfd1 Rd8 14.Rac1 Bd7 15.e3 Rac8
16.Nd2 Na5 17.Ne4 Qb6 18.Nc5 Bb5 19.Qe4 Bc6 20.Qf4 Bxg2 21.Kxg2 Qb5 22.Qe4 Qc6
23.Qxc6 Rxc6 24.Nd3 b3 25.Rxc6 Nxc6 26.axb3 e5 27.Nc5 exd4 28.Nxb7 Rb8 29.Nc5 dxe3
30.fxe3 Rb5 31.Rc1 Ne5 32.h3 a5 33.Rc3 f5 34.Kf1 Kf7 35.Ke2 Ke7 36.Nd3 Kd6
37.Nc1 h5 38.Kd1 g5 39.Ke2 Rb4 40.Rc8 a4 41.Rd8+ Nd7 42.Rh8 h4 43.gxh4 gxh4
44.Rh6+ Kc7 45.Nd3 Rxb3 46.Rxh4 a3 47.bxa3 Rxa3 48.Rd4 Nf6 49.Kf3 Ra5 50.Nf4 Re5
51.Ng6 Re6 52.Nh4 Re5 53.Kf4 Ra5 54.Nxf5 Nd5+ 55.Kf3 Kc6 56.Re4 Ra7 57.Re5 Rb7
58.h4 Nb4 59.Kg4 Nd3 60.Re6+ Kc5 61.Kg5 Ne1 62.Kg6 Rb8 63.h5 Kd5 64.Re7 Nf3
65.h6 Rf8 66.e4+ Kc6 67.h7  1-0

[Event "Wch U20 Girls"]
[Site "Halle"]
[Date "1995.??.??"]
[Round "2"]
[White "Zhukova, Natalia"]
[Black "Saljova, Silvie"]
[Result "1/2-1/2"]
[WhiteElo "2360"]
[BlackElo "2195"]

1.d4 Nf6 2.Nf3 e6 3.c4 Bb4+ 4.Nc3 c5 5.e3 cxd4 6.exd4 d5 7.cxd5 exd5 8.Bb5+ Bd7
9.Bxd7+ Nbxd7 10.O-O O-O 11.Qb3 Bxc3 12.bxc3 Qc7 13.Bg5 Ne4 14.Qxd5 Nxc3
15.Qf5 Nb6 16.Rfe1 Rfe8 17.Rac1 Rxe1+ 18.Rxe1 Ncd5 19.h4 Qd7 20.Qe4 h6 21.Ne5 Qe6
22.Bd2 f6 23.Nd3 Qxe4 24.Rxe4 Nc4  1/2-1/2

[Event "Wch U20"]
[Site "Halle"]
[Date "1995.??.??"]
[Round "6"]
[White "Berezin, Oleg"]
[Black "Pedro, Aderito"]
[Result "1-0"]
[WhiteElo "2265"]
[BlackElo "2195"]

1.d4 Nf6 2.c4 e6 3.Nc3 Bb4 4.Nf3 d5 5.cxd5 exd5 6.Qa4+ Nc6 7.Bg5 O-O 8.e3 h6
9.Bxf6 Qxf6 10.Be2 a6 11.O-O Be6 12.Rfc1 Bd6 13.Qd1 Rfd8 14.Na4 Ne7 15.Nc5 Bc8
16.b4 b6 17.Nd3 Ng6 18.a4 a5 19.b5 Re8 20.Qb3 Be6 21.Rc3 Rad8 22.Rac1 Re7
23.Qb2 Bd7 24.Bf1 h5 25.Nde1 h4 26.h3 Nf8 27.Bd3 g5 28.Qc2 g4 29.hxg4 Bxg4
30.Ne5 Rxe5 31.dxe5 Qxe5 32.Nf3 Qh5 33.Nh2 h3 34.g3 Be6 35.Qe2 Qg5 36.Nf3 Qh5
37.Nh2 Qg5 38.Nf3 Qh5 39.Nd4 Bg4 40.f3 Bd7 41.Kh2 Re8 42.Qf2 Ne6 43.Nxe6 Bxe6
44.Be2 Qg6 45.f4 Bg4 46.Bf3 Bxf3 47.Qxf3 Qe4 48.Qxe4 Rxe4 49.Ra1 Bc5 50.Rd3 Bxe3
51.Rxd5 Bc5 52.Kxh3 Kg7 53.Kg4 Kf6 54.Ra2 Bd6 55.Rd3 Rc4 56.Kf3 Kg6 57.Re3 f5
58.Kg2 Rd4 59.Kh3 Rc4 60.Kh4 Kf6 61.Rae2 Rxa4 62.Re6+ Kf7 63.Kg5 Rb4 64.Rf6+ Kg7
65.Rxf5 Rc4 66.Re6 Rc5 67.Rxc5 Bxc5 68.Re4  1-0